Top 25 Most Followed Instagram Accounts (2023) - Statistics

General Stats
  • This quiz has been taken 103 times
  • The average score is 11 of 25
Answer Stats
Account Owner % Correct
Cristiano Ronaldo
98%
Lionel Messi
93%
Instagram
85%
Dwayne Johnson
76%
Neymar
75%
Justin Bieber
71%
Kim Kardashian
62%
Nike
54%
Taylor Swift
54%
Khloe Kardashian
53%
Kourtney Kardashian
49%
Kylie Jenner
48%
Selena Gomez
46%
Ariana Grande
42%
Kendall Jenner
42%
Beyonce
36%
Kevin Hart
36%
Nicki Minaj
27%
Katy Perry
22%
Virat Kohli
20%
Miley Cyrus
16%
Cardi B
15%
Jennifer Lopez
9%
Zendaya
9%
National Geographic
8%
No matching quizzes found
Score Distribution
Percent of People with Each Score
Percentile by Number Answered
Your Score History
You have not taken this quiz